Environmental control and public health (Record no. 7070)

MARC details
000 -LEADER
fixed length control field 00570nam a22001937a 4500
003 - CONTROL NUMBER IDENTIFIER
control field OSt
005 - DATE AND TIME OF LATEST TRANSACTION
control field 20210901112002.0
008 - FIXED-LENGTH DATA ELEMENTS--GENERAL INFORMATION
fixed length control field 210901b ||||| |||| 00| 0 eng d
020 ## - INTERNATIONAL STANDARD BOOK NUMBER
International Standard Book Number 9780749223762
040 ## - CATALOGING SOURCE
Transcribing agency DDC
082 ## - DEWEY DECIMAL CLASSIFICATION NUMBER
Classification number 540ENV2007
100 ## - MAIN ENTRY--PERSONAL NAME
Personal name The Open University
9 (RLIN) 14564
245 ## - TITLE STATEMENT
Title Environmental control and public health
Remainder of title Preparing for T210:biology
Statement of responsibility, etc. Edited by The Open University
260 ## - PUBLICATION, DISTRIBUTION, ETC. (IMPRINT)
Place of publication, distribution, etc. UK
Name of publisher, distributor, etc. The Open University
Date of publication, distribution, etc. 2007
300 ## - PHYSICAL DESCRIPTION
Extent 62p;
Other physical details ill
Dimensions 31cm
504 ## - BIBLIOGRAPHY, ETC. NOTE
Bibliography, etc includes; References and index
650 ## - SUBJECT ADDED ENTRY--TOPICAL TERM
Topical term or geographic name as entry element Biology
9 (RLIN) 5602
942 ## - ADDED ENTRY ELEMENTS (KOHA)
Source of classification or shelving scheme Dewey Decimal Classification
Koha item type Open Shelf
Holdings
Withdrawn status Lost status Source of classification or shelving scheme Damaged status Not for loan Home library Current library Date acquired Source of acquisition Inventory number Total Checkouts Full call number Barcode Date last seen Price effective from Koha item type
    Dewey Decimal Classification     MUST Main Library MUST Main Library 01/09/2021 Donation 11/34869   540ENV2007 2021-0756 01/09/2021 01/09/2021 Open Shelf